00000000nam##2200000za#4500
0019.529780
003CaOODSP
00520241203113633
007ta
008150406|1997||||xxc|||||     f|0| 0 eng|d
020 |a0-662-63250-8|z0-662-25922-X
040 |aCaOODSP|beng
041 |aeng
041 |afre
043 |an-cn---
0861 |aEn56-119/2-1997-1
1101 |aCanada. |bEnvironment Canada.
24510|aOntario summary
260 |aOttawa - Ontario : |bEnvironment Canada |c1997.
300 |aEnglish text, 12p. : |bfigs., map ; |c28 cm.
4901 |aCanada country study
546 |aBilingual
563 |aSoftcover
590 |a98-01|b1998-01-02
69007|aClimate|2gcpds
7760#|tOntario region executive summary|w(CaOODSP)9.574599
7760#|tSommaire exécutif région de l'Ontario|w(CaOODSP)9.604337
792 |tSommaire de l'Ontario|efre|w(CaOODSP)9.529781
830#0|aCanada country study.|w(CaOODSP)9.509288